College Quizbowl Stats
College Quizbowl Stats
Circuits
Seasons
Sets
Records
Detailed Stats
About
Loading...
2024 ARGOS @ Christ's College
Tossups
Bonuses
Players
Teams
Categories (Tossup)
Categories (Bonus)
Ian McDonald
Cambridge A
Categories
Category
Powers
Gets
Negs
BBs
Points
Earliest Buzz
Avg. Buzz
First Buzzes
Top 3 Buzzes
BPA
PVF
History - Ancient/Other
0
1
0
0
10
121
121.00
0
1
0.00
0.00
History - European
0
1
0
0
10
139
139.00
0
1
0.00
0.00
Other Academic
0
1
0
0
10
93
93.00
0
1
0.00
0.00
History - World
0
0
1
0
-5
0.00
0
0
0.00
0.00
Buzzes
Category
Answer
Value
Buzz Position
History - World
Colombia
-5
74
Other Academic
Xena
10
93
History - Ancient/Other
death of Alexander the Great
10
121
History - European
Mikhail Romanov
10
139
Previous
1
Next